000 00767nam a2200145 a 4500
008 090303s2001 ||||||||||||||||| || u
050 _aGOV.ZAM(02)2001/2
110 _aGovernment of the Republic of Zambia. Ministry of Commerce, Trade and Industry, Patents and Companies Registration Office (Zambia)
245 1 4 _aThe procedure followed in approving company and business names
_cBy the Patents and Companies Registration Office (Zambia)
260 _aLusaka:
_bPatents and Companies Registration Office (Zambia)
_c2001
300 _a7p.
350 _a0.00
650 _aPATENT LAWS AND LEGISTLATION--ZAMBIA
995 _D0.00
_FCBU-MAIN LIBRARY (Kitwe)
_H1
_I0.00
_M1
_UAVAILABLE
_WMar 3, 2009
_ZZambiana Collection
999 _c54812
_d54812